Estudio de prefactibilidad técnico y financiero para la instalación de una planta de procesamiento a altas presiones hidrostáticas como método de conservación de productos alimenticios en Costa Rica
Na minha lista:
| Autor principal: | |
|---|---|
| Outros Autores: | |
| Formato: | Livro |
| Idioma: | Spanish |
| Publicado em: |
San José, Costa Rica
2022
|
| Assuntos: | |
| Tags: |
Adicionar Tag
Sem tags, seja o primeiro a adicionar uma tag!
|
MARC
| LEADER | 00000nam a2200000Ia 4500 | ||
|---|---|---|---|
| 003 | 013616 | ||
| 005 | 20230417115144.0 | ||
| 008 | 140114s2022 cr a 000 ||spa d | ||
| 040 | |c cru CEDI | ||
| 100 | |a Espinoza Monge, Jeffry Josué, 1994- |9 17 | ||
| 245 | |a Estudio de prefactibilidad técnico y financiero para la instalación de una planta de procesamiento a altas presiones hidrostáticas como método de conservación de productos alimenticios en Costa Rica | ||
| 260 | |a San José, Costa Rica |c 2022 | ||
| 500 | |a Proyecto de graduación (licenciatura en ingeniería química)--Universidad de Costa Rica. Facultad de Ingeniería. Escuela de Ingeniería Química | ||
| 501 | |a Directora de Proyecto de Graduación: Ing. Juliana Da Luz Castro | ||
| 650 | |x HIDROSTATICA - METODOS |x CONSERVACION DE ALIMENTOS |x ESTUDIOS DE FACTIBILIDAD |x EVALUACION DE PROYECTOS | ||
| 700 | |9 5 |a Da Luz Castro, Juliana, 1990- |d Directora del TFG | ||
| 942 | |c CEDI |h TFG 8767 |6 TFG_8767_000000000000000 | ||
| 999 | |c 15447 |d 15447 | ||
